Modern business statistics with Microsoft office Excel (Record no. 12737)

MARC details
000 -LEADER
fixed length control field 01021nam a2200253Ia 4500
008 - FIXED-LENGTH DATA ELEMENTS--GENERAL INFORMATION
fixed length control field 191130s2009##################000#0#eng##
020 ## - INTERNATIONAL STANDARD BOOK NUMBER
International Standard Book Number 9780324598278
040 ## - CATALOGING SOURCE
Original cataloging agency ACL
Transcribing agency ACL
082 ## - DEWEY DECIMAL CLASSIFICATION NUMBER
Classification number 650.015195 AND
100 ## - MAIN ENTRY--PERSONAL NAME
Personal name Anderson, David Ray
245 ## - TITLE STATEMENT
Title Modern business statistics with Microsoft office Excel
Statement of responsibility, etc. David R. Anderson, Dennis J. Sweeney, Thomas A. Williams
250 ## - EDITION STATEMENT
Edition statement 3rd ed
260 ## - PUBLICATION, DISTRIBUTION, ETC.
Place of publication, distribution, etc. Mason, OH
Name of publisher, distributor, etc. South-Western Cengage Learning
Date of publication, distribution, etc. c2009
300 ## - PHYSICAL DESCRIPTION
Extent xxviii, 940 p. : ill. ; 26 cm. + 1 CD-ROM (4 3/4 in.)
500 ## - GENERAL NOTE
General note Rev. ed. of: Modern business statistics with Microsoft Excel / David R. Anderson, Dennis J. Sweeney, Thomas A. Williams. 2nd ed. Includes bibliographical references and index
650 ## - SUBJECT ADDED ENTRY--TOPICAL TERM
Topical term or geographic name entry element Commercial statistics
Topical term or geographic name entry element Commercial statistics - Computer programs
Topical term or geographic name entry element Microsoft Excel (Computer file)
700 ## - ADDED ENTRY--PERSONAL NAME
Personal name Sweeney, Dennis J
Personal name Williams, Thomas Arthur
990 ## - EQUIVALENCES OR CROSS-REFERENCES [LOCAL, CANADA]
Link information for 9XX fields 4c355780ac10000c1e8bc62324fbbfc6
991 ## -
-- 409253
Holdings
Withdrawn status Lost status Materials specified (bound volume or other part) Damaged status Not for loan Home library Current library Shelving location Date acquired Total Checkouts Full call number Barcode Date last seen Price effective from Koha item type
    hbk     Anna Centenary Library Anna Centenary Library 6TH FLOOR, A WING 09.10.2020   650.015195 AND 204118 09.10.2020 09.10.2020 English Books

Find us on the map